5 pays les plus proches par pays #2 - Statistiques

Statistiques générales
  • Ce quiz a été pris 33 271 fois
  • Le résultat moyen est 29 sur 39
Statistiques - réponses
Pays de départ # Pays % Correct
Corée du Sud 187 Chine
98%
Corée du Sud 0 Corée du Nord
98%
Corée du Sud 30 Japon
97%
Irlande 0 Royaume-Uni
96%
Irlande, Tunisie 257, 274 France
95%
Tunisie 0 Algérie
94%
Cap-Vert 476 Maroc
92%
Uruguay 0 Brésil
91%
Uruguay 0 Argentine
90%
Irlande 385 Belgique
87%
Uruguay 659 Chili
86%
Uruguay 196 Paraguay
86%
Irlande 411 Pays-Bas
85%
Tunisie 0 Libye
84%
Singapour 6 Indonésie
81%
Corée du Sud 291 Russie
80%
Uruguay 640 Bolivie
77%
Bahreïn 10 Arabie Saoudite
76%
Irlande 512 Allemagne
75%
Bahreïn 1 Qatar
74%
Singapour 1 Malaisie
72%
Singapour 328 Thaïlande
72%
Bahreïn 129 Émirats arabes unis
71%
Cap-Vert 355 Sénégal
71%
Tunisie 43 Italie
70%
Singapour 495 Viêt Nam
70%
Corée du Sud 616 Taïwan
68%
Bahreïn 114 Iran
65%
Cap-Vert 416 Mauritanie
64%
Bahreïn 205 Koweït
61%
Singapour 597 Cambodge
60%
Tunisie 184 Malte
58%
Cap-Vert 437 Gambie
54%
Sainte-Lucie 26 Saint-Vincent-et-les- Grenadines
54%
Sainte-Lucie 91 Barbade
49%
Sainte-Lucie 111 Grenade
48%
Sainte-Lucie 82 Dominique
47%
Cap-Vert 482 Guinée-Bissau
45%
Sainte-Lucie 200 Trinité-et-Tobago
44%
Aucun quiz correspondant
Distribution des résultats
% des personnes avec chaque résultat
Percentile par nombre de réponses
Votre historique - résultats
Vous n’avez pas pris ce quiz